00455pab a2200157 454500008004000000100001700040245008300057260000900140300001400149362000800163650002600171650002700197650002700224650001800251773002800269180718b2004 xxu||||| |||| 00| 0 eng d aAbe, Kiyoshi aEveryday policing in Japan: surveillance, media, government and public opinion c2004 ap.215-31. aJun aCivil society - Japan aPublic opinion - Japan aState security - Japan aCivil society aInternational Sociology